Lí luận dạy học địa lí Phần đại cương
Trình bày đối tượng, nhiệm vụ và phương pháp nghiên cứu của lí luận dạy học địa lí; khoa học địa lí và môn địa lí trong nhà trường; Nội dung, phương pháp và hình thức tổ chức giảng dạy; Phương tiện dạy học địa lí ở trường phổ thông...
שמור ב:
| מחבר ראשי: | |
|---|---|
| פורמט: | ספר |
| שפה: | Vietnamese |
| יצא לאור: |
H.
Đại học quốc gia Hà Nội
1998
|
| מהדורה: | in lần thứ 3 |
| נושאים: | |
| תגים: |
הוספת תג
אין תגיות, היה/י הראשונ/ה לתייג את הרשומה!
|
| Thư viện lưu trữ: | Mạng thư viện Đại học Đà Nẵng |
|---|
| LEADER | 01469nam a2200349 4500 | ||
|---|---|---|---|
| 001 | 000015249 | ||
| 003 | 11625 | ||
| 005 | 20130305090359.0 | ||
| 008 | 120523s1998 viesd | ||
| 020 | |c 14000 | ||
| 041 | 0 | |a vie | |
| 082 | |a 910.71 |b NG-D | ||
| 100 | 0 | |a Nguyễn Dược | |
| 245 | 1 | 0 | |a Lí luận dạy học địa lí |b Phần đại cương |c Nguyễn Dược - Nguyễn Trọng Phúc |
| 250 | |a in lần thứ 3 | ||
| 260 | |a H. |b Đại học quốc gia Hà Nội |c 1998 | ||
| 300 | |a 188tr. |c 24 cm | ||
| 520 | |a Trình bày đối tượng, nhiệm vụ và phương pháp nghiên cứu của lí luận dạy học địa lí; khoa học địa lí và môn địa lí trong nhà trường; Nội dung, phương pháp và hình thức tổ chức giảng dạy; Phương tiện dạy học địa lí ở trường phổ thông | ||
| 653 | |a Lí Luận dạy học | ||
| 653 | |a Địa lý | ||
| 700 | |e Nguyễn Trọng Phúc | ||
| 773 | |t Lí luận dạy học địa lý |w 5031 | ||
| OWN | |a LSP | ||
| AVA | |a UDN50 |b LSP |d 910.71 NG-D |e check_holdings |t Error 5003 Not defined in file expand_doc_bib_avail. |h N |k 1 | ||
| 999 | |a From the UDN01 | ||
| AVA | |a UDN50 |b LSP |d 910.71 NG-D |e available |t Error 5001 Not defined in file expand_doc_bib_avail. |f 45 |g 3 |h N |i 20 |k 1 | ||
| TYP | |a Monograph | ||
| TYP | |a Printed language | ||
| 980 | |a Mạng thư viện Đại học Đà Nẵng | ||